| 000 | 01107cam a2200217 4500 | ||
|---|---|---|---|
| 001 | ABS63339 | ||
| 008 | 000000n2000 000 0 eng u | ||
| 035 | _a(Sirsi) u110151 | ||
| 100 | _aManns, S | ||
| 245 | _aDeciding who decides | ||
| 260 | _c2000 | ||
| 490 |
_aPlanning (for the Natural and Built Environment) _v(1398) 8 December 2000, 13(1) |
||
| 520 | _aLooks at the development towards delegating decisions to planning officers in an attempt to speed up the planning process and whether it actually works. Government seeks to ensure that the planning system encourages participation, openness and fairness whilst delivering fast, efficient, quality planning service. Concludes that evidence points to the fact that delegation may be working against government intentions in this area and that arguments in support of delegation are not being borne out by fact. | ||
| 590 | _aABS | ||
| 650 | _aDELEGATION | ||
| 650 | _aPLANNING PROCESS | ||
| 650 | _aGOVERNMENT POLICY | ||
| 650 | _aLOCAL AUTHORITIES | ||
| 690 | _aENVIRONMENTAL AND LAND CONSULTANCY-PLANNING AND DEVELOPMENT | ||
| 942 | _n0 | ||
| 999 |
_c65687 _d65687 |
||